000 00298nam a22001217a 4500
020 _a81-219-2492-8
082 _a657
_bWAS/A
100 _aV.WASON
245 _aANALYSIS OF FINANCIAL STATEMENTS
_bCLASS XII
260 _aDELHI
_bS.CHAND & SONS
650 _aACCOUNTANCY FOR CLASS XII
_zINDIA
942 _cBK
999 _c628
_d628